[Event "Titled Tuesday intern op 28th Apr"]
[Site "Chess.com INT"]
[Date "2020.04.28"]
[Round "4"]
[White "Doric, Darko"]
[Black "Navarro Lopez Menchero, Daniel"]
[Result "0-1"]
[WhiteElo "2484"]
[BlackElo "2326"]
[PlyCount "150"]
[EventDate "2020.04.28"]
[EventType "swiss (blitz)"]
[EventRounds "10"]
[EventCountry "USA"]
[SourceTitle "EXT 2021"]
[Source "ChessBase"]
[SourceDate "2020.10.23"]
[SourceVersion "1"]
[SourceVersionDate "2020.10.23"]
[SourceQuality "1"]

1. Nf3 Nf6 2. g3 b6 3. Bg2 Bb7 4. c4 e6 5. 0-0 Be7 6. Nc3 0-0 7. Re1 d5 8. cxd5 exd5 9. d4 c6 10. Bf4 Na6 11. Ne5 Nc7 12. e4 dxe4 13. Nxe4 Ncd5 14. Nxf6+ Bxf6 15. Bd2 Re8 16. f4 Qd6 17. Kh1 Rad8 18. Qa4 a5 19. Rad1 Be7 20. a3 f6 21. Nc4 Qc7 22. Qb3 Kh8 23. Bc3 b5 24. Bxa5 Qd7 25. Ne3 Nxe3 26. Rxe3 Ra8 27. Bc3 Bf8 28. Rde1 Rxe3 29. Rxe3 c5 30. d5 c4 31. Qd1 Bc5 32. Re1 Rd8 33. Bd4 Bxd5 34. Bxc5 Bxg2+ 35. Kxg2 Qc6+ 36. Kh3 Rxd1 37. Rxd1 h5 38. Bb4 Qf3 39. Re1 Qg4+ 40. Kg2 h4 41. Bc3 h3+ 42. Kf2 Qc8 43. Re2 Qc5+ 44. Ke1 Qc6 45. Kd1 Qf3 46. Ke1 Kh7 47. Kd1 Kg6 48. Kd2 Qd5+ 49. Ke1 Qd3 50. Kf2 Kf5 51. Re3 Qc2+ 52. Re2 Qd1 53. Ke3 Qg1+ 54. Kd2 Kg4 55. Bb4 Qb1 56. Bc3 Qd3+ 57. Ke1 Kf3 58. Rf2+ Kg4 59. Re2 Qb1+ 60. Kf2 Qh1 61. Ke3 Qf3+ 62. Kd2 Qd5+ 63. Ke1 Qc5 64. Kf1 Kf3 65. Bd2 Qd4 66. Re3+ Qxe3 67. Bxe3 Kxe3 68. Ke1 Kd3 69. Kd1 f5 70. Kc1 Ke2 71. Kc2 Kf3 72. Kc3 Kg2 73. Kb4 Kxh2 74. Kxb5 Kxg3 75. a4 h2 0-1

[Event "Titled Tuesday intern op 6th Aug"]
[Site "Chess.com INT"]
[Date "2019.08.06"]
[Round "2"]
[White "Navarro Lopez Menchero, Daniel"]
[Black "Biliy, Vadim"]
[Result "0-1"]
[WhiteElo "2327"]
[BlackElo "2331"]
[PlyCount "84"]
[EventDate "2019.08.06"]
[EventType "swiss (blitz)"]
[EventRounds "10"]
[EventCountry "USA"]
[SourceTitle "EXT 2021"]
[Source "ChessBase"]
[SourceDate "2020.10.23"]
[SourceVersion "1"]
[SourceVersionDate "2020.10.23"]
[SourceQuality "1"]

1. d4 d5 2. Nf3 e6 3. c4 Nf6 4. Qc2 Be7 5. Bg5 0-0 6. e3 Ne4 7. Bxe7 Qxe7 8. cxd5 exd5 9. Nc3 Rd8 10. Bd3 Bf5 11. Nd2 Nc6 12. Ncxe4 Nb4 13. Qb1 Nxd3+ 14. Qxd3 Bxe4 15. Nxe4 dxe4 16. Qb3 c5 17. dxc5 Rd3 18. Qc2 Rc8 19. Rc1 b6 20. c6 Qb4+ 21. Ke2 Qb5 22. Qc4 Qxb2+ 23. Rc2 Qe5 24. h3 Qh5+ 25. g4 Qe5 26. Rd1 Rxd1 27. Kxd1 h5 28. Qd4 Qe7 29. Qd7 Rd8 30. Rd2 Rxd7 31. cxd7 Qd8 32. gxh5 f5 33. Kc2 Kf7 34. Kc3 Ke6 35. Kb4 a6 36. a4 Qxd7 37. Rxd7 Kxd7 38. Kc4 Kd6 39. h4 Kc6 40. Kb4 b5 41. a5 Kd5 42. Kb3 Kc5 0-1

[Event "Titled Tuesday intern op 6th Aug"]
[Site "Chess.com INT"]
[Date "2019.08.06"]
[Round "8"]
[White "Navarro Lopez Menchero, Daniel"]
[Black "Filgueiras, Nathan Felipe"]
[Result "0-1"]
[WhiteElo "2327"]
[BlackElo "2260"]
[PlyCount "30"]
[EventDate "2019.08.06"]
[EventType "swiss (blitz)"]
[EventRounds "10"]
[EventCountry "USA"]
[SourceTitle "EXT 2021"]
[Source "ChessBase"]
[SourceDate "2020.10.23"]
[SourceVersion "1"]
[SourceVersionDate "2020.10.23"]
[SourceQuality "1"]

1. d4 Nf6 2. c4 e6 3. Nc3 Bb4 4. e3 0-0 5. Bd3 c5 6. Nf3 Nc6 7. 0-0 Bxc3 8. bxc3 d6 9. e4 e5 10. d5 Ne7 11. Ne1 Ng6 12. g3 Bh3 13. Ng2 Qd7 14. Bg5 Ne8 15. Qh5 Bg4 0-1

[Event "Titled Tuesday intern op 6th Aug"]
[Site "Chess.com INT"]
[Date "2019.08.06"]
[Round "3"]
[White "Schut, Han"]
[Black "Navarro Lopez Menchero, Daniel"]
[Result "0-1"]
[WhiteElo "2169"]
[BlackElo "2327"]
[PlyCount "64"]
[EventDate "2019.08.06"]
[EventType "swiss (blitz)"]
[EventRounds "10"]
[EventCountry "USA"]
[SourceTitle "EXT 2021"]
[Source "ChessBase"]
[SourceDate "2020.10.23"]
[SourceVersion "1"]
[SourceVersionDate "2020.10.23"]
[SourceQuality "1"]

1. e4 e6 2. d4 d5 3. Nd2 a6 4. Bd3 c5 5. dxc5 Bxc5 6. Ngf3 Nc6 7. 0-0 Nge7 8. Qe2 0-0 9. c3 Ng6 10. Nb3 Bd6 11. Nbd4 Nf4 12. Bxf4 Bxf4 13. e5 Qc7 14. Rfe1 Bd7 15. g3 Bh6 16. Rad1 Nxd4 17. Nxd4 g6 18. h4 f6 19. exf6 Rxf6 20. f4 Raf8 21. Nf3 Bxf4 22. gxf4 Qxf4 23. Ne5 Qxh4 24. Qh2 Qxh2+ 25. Kxh2 Rf2+ 26. Kg1 Bc8 27. Re2 R2f5 28. Ree1 Rg5+ 29. Kh2 Rf2+ 30. Kh1 Rxb2 31. Re2 Rxe2 32. Bxe2 Rxe5 0-1

[Event "Alicante Universitario-ch"]
[Site "Alicante"]
[Date "2019.04.09"]
[Round "3.2"]
[White "Alshameary Puente, Ismael"]
[Black "Navarro Lopez Menchero, Daniel"]
[Result "1-0"]
[WhiteElo "2425"]
[BlackElo "2301"]
[PlyCount "67"]
[EventDate "2019.04.09"]
[EventType "swiss"]
[EventRounds "9"]
[EventCountry "ESP"]
[SourceTitle "CBM 190 Extra"]
[Source "ChessBase"]
[SourceDate "2019.07.15"]
[SourceVersion "1"]
[SourceVersionDate "2019.07.15"]
[SourceQuality "1"]

1. d4 d5 2. c4 e6 3. Nc3 Bb4 4. e3 Nf6 5. Bd3 dxc4 6. Bxc4 0-0 7. Nf3 c5 8. 0-0 Nc6 9. a3 cxd4 10. axb4 dxc3 11. b5 Ne7 12. bxc3 Qc7 13. Qb3 b6 14. Be2 Bb7 15. h3 Ng6 16. Ba3 Rfd8 17. Rfd1 h6 18. c4 e5 19. Bb2 e4 20. Nd4 Ne5 21. Nf5 Qc5 22. Qc3 Nf3+ 23. Bxf3 Qxf5 24. Be2 Rxd1+ 25. Rxd1 a5 26. Rd6 Qc5 27. Rxf6 gxf6 28. Qxf6 Kf8 29. Qxh6+ Ke8 30. Bd4 Qb4 31. Qxb6 Qe1+ 32. Kh2 Qxe2 33. Qxb7 Rd8 34. Bf6 1-0

[Event "Titled Tuesday intern op 2nd April"]
[Site "Chess.com INT"]
[Date "2019.04.02"]
[Round "6"]
[White "Navarro Lopez Menchero, Daniel"]
[Black "Jogstad, Martin"]
[Result "0-1"]
[WhiteElo "2301"]
[BlackElo "2267"]
[PlyCount "64"]
[EventDate "2019.04.02"]
[EventType "swiss (blitz)"]
[EventRounds "10"]
[EventCountry "USA"]
[SourceTitle "EXT 2021"]
[Source "ChessBase"]
[SourceDate "2020.10.23"]
[SourceVersion "1"]
[SourceVersionDate "2020.10.23"]
[SourceQuality "1"]

1. d4 d5 2. Nf3 Nf6 3. c4 c6 4. Qc2 g6 5. Bf4 Bg7 6. e3 0-0 7. Nc3 Bf5 8. Qb3 Qb6 9. c5 Qxb3 10. axb3 Nbd7 11. h3 Ne4 12. g4 Nxc3 13. bxc3 Be4 14. Be2 e5 15. Bg3 exd4 16. exd4 f5 17. g5 f4 18. Bh2 Nxc5 19. 0-0 Nxb3 20. Ra3 Bxf3 21. Bxf3 Nd2 22. Bg4 Nxf1 23. Kxf1 a5 24. Kg2 a4 25. Kf3 h6 26. h4 hxg5 27. hxg5 Rfe8 28. Bxf4 Bf8 29. Ra1 a3 30. Bd7 Re7 31. Bg4 a2 32. Be5 Ra3 0-1

[Event "Titled Tuesday intern op 2nd April"]
[Site "Chess.com INT"]
[Date "2019.04.02"]
[Round "10"]
[White "Navarro Lopez Menchero, Daniel"]
[Black "Pastar, Slaven"]
[Result "0-1"]
[WhiteElo "2301"]
[BlackElo "2295"]
[PlyCount "148"]
[EventDate "2019.04.02"]
[EventType "swiss (blitz)"]
[EventRounds "10"]
[EventCountry "USA"]
[SourceTitle "EXT 2021"]
[Source "ChessBase"]
[SourceDate "2020.10.23"]
[SourceVersion "1"]
[SourceVersionDate "2020.10.23"]
[SourceQuality "1"]

1. d4 d5 2. Nf3 Nf6 3. c4 dxc4 4. e3 Bg4 5. Bxc4 e6 6. 0-0 Nc6 7. Nc3 Bd6 8. h3 Bh5 9. Be2 0-0 10. Qb3 Rb8 11. Rd1 a6 12. e4 Bxf3 13. Bxf3 e5 14. dxe5 Nxe5 15. Be2 Nc6 16. Be3 Qe7 17. Bg5 Qe6 18. Bc4 Qe5 19. Bxf6 Qxf6 20. Bd5 Nd4 21. Qc4 c5 22. Ne2 b5 23. Qd3 Ne6 24. Bxe6 fxe6 25. Qxd6 Qxf2+ 26. Kh1 Qxe2 27. Qxe6+ Kh8 28. Rd7 Rf1+ 29. Rxf1 Qxf1+ 30. Kh2 Qf4+ 31. Kg1 Rf8 32. Rd1 h6 33. Kh1 Rf6 34. Qc8+ Kh7 35. Qxc5 Qxe4 36. Qc1 Rg6 37. Rg1 Rg3 38. Kh2 Qe5 39. Qc2+ Rd3+ 40. Kh1 Qe4 41. Qc8 Rd2 42. Qxa6 Rxb2 43. Qa3 Rc2 44. Qb3 b4 45. Qb1 Qg6 46. Qb3 Qe4 47. Qb1 Re2 48. Qxe4+ Rxe4 49. Rb1 Kg6 50. Kg1 Kf5 51. Kf2 Ke5 52. Kf3 Rc4 53. Rb2 Rc3+ 54. Ke2 Rc4 55. Kd3 Rd4+ 56. Kc2 Kd5 57. Kb3 Kc5 58. Rc2+ Kb5 59. Rf2 Rd3+ 60. Kb2 Ka4 61. h4 h5 62. Rf7 Rd2+ 63. Kb1 Rxg2 64. Ra7+ Kb5 65. Rb7+ Kc4 66. Rc7+ Kd4 67. Rd7+ Kc5 68. Rc7+ Kb6 69. Rc4 Kb5 70. Rc8 Rg4 71. Rb8+ Kc4 72. Rc8+ Kd3 73. Rd8+ Ke3 74. Re8+ Kf3 0-1

[Event "Titled Tuesday intern op 2nd April"]
[Site "Chess.com INT"]
[Date "2019.04.02"]
[Round "5"]
[White "Osinovsky, Stepan"]
[Black "Navarro Lopez Menchero, Daniel"]
[Result "1-0"]
[WhiteElo "2241"]
[BlackElo "2301"]
[PlyCount "81"]
[EventDate "2019.04.02"]
[EventType "swiss (blitz)"]
[EventRounds "10"]
[EventCountry "USA"]
[SourceTitle "EXT 2021"]
[Source "ChessBase"]
[SourceDate "2020.10.23"]
[SourceVersion "1"]
[SourceVersionDate "2020.10.23"]
[SourceQuality "1"]

1. e4 e6 2. d4 d5 3. exd5 exd5 4. Nc3 Bb4 5. Nge2 c6 6. a3 Bd6 7. Bf4 Ne7 8. Qd2 0-0 9. h4 Na6 10. 0-0-0 Nc7 11. h5 b5 12. h6 g6 13. Bxd6 Qxd6 14. Nf4 a5 15. Nce2 b4 16. a4 b3 17. cxb3 Na6 18. Nd3 c5 19. dxc5 Nxc5 20. Nxc5 Qxc5+ 21. Qc3 Qxc3+ 22. bxc3 Rb8 23. Nd4 Bd7 24. Bb5 Bxb5 25. axb5 Rfc8 26. Kb2 Rc5 27. Ra1 Nc8 28. Rxa5 Nd6 29. Rha1 Ne4 30. Ra8 Rcc8 31. Rxb8 Rxb8 32. b6 f6 33. Ra7 Rxb6 34. Rg7+ Kf8 35. Rxh7 Nxf2 36. Rh8+ Kf7 37. Rc8 Nd3+ 38. Kb1 Nc5 39. h7 Nxb3 40. Nxb3 Rxb3+ 41. Kc2 1-0

[Event "Titled Tuesday intern op 5th March"]
[Site "Chess.com INT"]
[Date "2019.03.05"]
[Round "6"]
[White "Navarro Lopez Menchero, Daniel"]
[Black "Johnson, Joel F"]
[Result "1-0"]
[WhiteElo "2301"]
[BlackElo "2223"]
[PlyCount "79"]
[EventDate "2019.03.05"]
[EventType "swiss (blitz)"]
[EventRounds "10"]
[EventCountry "USA"]
[SourceTitle "EXT 2021"]
[Source "ChessBase"]
[SourceDate "2020.10.23"]
[SourceVersion "1"]
[SourceVersionDate "2020.10.23"]
[SourceQuality "1"]

1. Nf3 b5 2. e4 a6 3. d4 Bb7 4. Bd3 e6 5. 0-0 Nf6 6. Re1 d6 7. a4 b4 8. Nbd2 Nbd7 9. Nc4 a5 10. Bg5 h6 11. Bh4 g5 12. Bg3 Rg8 13. d5 e5 14. Ne3 h5 15. h4 Ng4 16. Nxg4 hxg4 17. Nxg5 Be7 18. Qxg4 Bxg5 19. hxg5 Rxg5 20. Qf3 Rg8 21. Bb5 Qe7 22. c3 Rh8 23. cxb4 axb4 24. Rac1 0-0-0 25. Qb3 Nc5 26. Qxb4 f5 27. exf5 Qh7 28. Kf1 Bxd5 29. Rxc5 dxc5 30. Ba6+ Kd7 31. Qxc5 Qh1+ 32. Ke2 Qxg2 33. Bxe5 Ke8 34. Bxh8 Bf3+ 35. Ke3 Qg4 36. Bb5+ Kf7 37. Bc4+ Ke8 38. Qe5+ Kf8 39. Qf6+ Ke8 40. Qf7# 1-0

[Event "Titled Tuesday intern op 1st Jan"]
[Site "Chess.com INT"]
[Date "2019.01.01"]
[Round "9"]
[White "Marin Masis, Jose Esteban"]
[Black "Navarro Lopez Menchero, Daniel"]
[Result "0-1"]
[WhiteElo "2175"]
[BlackElo "2301"]
[PlyCount "94"]
[EventDate "2019.01.01"]
[EventType "swiss (blitz)"]
[EventRounds "10"]
[EventCountry "USA"]
[SourceTitle "EXT 2021"]
[Source "ChessBase"]
[SourceDate "2020.10.23"]
[SourceVersion "1"]
[SourceVersionDate "2020.10.23"]
[SourceQuality "1"]

1. Nf3 Nf6 2. c4 g6 3. b4 Bg7 4. Bb2 0-0 5. g3 d6 6. Bg2 e5 7. 0-0 a5 8. b5 Nbd7 9. Nc3 Nc5 10. d4 exd4 11. Nxd4 Re8 12. Re1 Rb8 13. Qd2 h5 14. Nd5 Nfe4 15. Qc2 Bd7 16. f3 Ng5 17. h4 Nh7 18. e4 c6 19. Nf4 Qe7 20. Rad1 Be5 21. Nde2 Rbd8 22. Bxe5 dxe5 23. Nd3 Nf8 24. bxc6 bxc6 25. Qc3 Nxd3 26. Rxd3 Qc5+ 27. Kh2 Be6 28. Rc1 Rb8 29. Qa3 Qf2 30. Rd2 Red8 31. Rdc2 Nd7 32. Qxa5 Nc5 33. Qe1 Qe3 34. Qc3 Rd3 35. Qa5 Nd7 36. Qc7 Ra8 37. Qxc6 Raa3 38. Qc8+ Nf8 39. Qb7 g5 40. hxg5 h4 41. g6 Nxg6 42. Qb8+ Kg7 43. Qb2 hxg3+ 44. Kxg3 Qg5+ 45. Kf2 Nh4 46. f4 Qxg2+ 47. Ke1 Nf3# 0-1

[Event "Titled Tuesday intern op 1st Jan"]
[Site "Chess.com INT"]
[Date "2019.01.01"]
[Round "1"]
[White "Virtanen, Teemu"]
[Black "Navarro Lopez Menchero, Daniel"]
[Result "1-0"]
[WhiteElo "2326"]
[BlackElo "2301"]
[PlyCount "101"]
[EventDate "2019.01.01"]
[EventType "swiss (blitz)"]
[EventRounds "10"]
[EventCountry "USA"]
[SourceTitle "EXT 2021"]
[Source "ChessBase"]
[SourceDate "2020.10.23"]
[SourceVersion "1"]
[SourceVersionDate "2020.10.23"]
[SourceQuality "1"]

1. c4 e6 2. Nc3 d5 3. e3 Nf6 4. Nf3 Be7 5. b3 0-0 6. Bb2 c5 7. cxd5 exd5 8. d4 cxd4 9. Nxd4 Nc6 10. Be2 Re8 11. 0-0 Bd7 12. Rc1 Rc8 13. Bf3 Nxd4 14. Qxd4 Bc5 15. Qf4 Bc6 16. Rfd1 Bd6 17. Qd4 a6 18. h3 Be5 19. Qh4 Qa5 20. a3 Ne4 21. b4 Qd8 22. Qxd8 Rcxd8 23. Ba1 Nxc3 24. Bxc3 Bxc3 25. Rxc3 d4 26. Rxd4 Bxf3 27. Rxd8 Rxd8 28. gxf3 g6 29. Kf1 Rd7 30. Ke2 Kg7 31. e4 Re7 32. Ke3 Re5 33. Rc7 Rh5 34. Rxb7 Rxh3 35. Rb6 h5 36. Rxa6 Rh1 37. Kf4 f6 38. Kg3 g5 39. Kg2 Rb1 40. Ra5 Kg6 41. b5 h4 42. a4 Rb3 43. Ra6 g4 44. fxg4 Kg5 45. f3 Rb2+ 46. Kh3 Rf2 47. b6 Rxf3+ 48. Kg2 Kxg4 49. b7 h3+ 50. Kg1 Kg3 51. b8Q+ 1-0

[Event "Titled Tuesday intern op 4th Dec"]
[Site "Chess.com INT"]
[Date "2018.12.04"]
[Round "1"]
[White "Navarro Lopez Menchero, Daniel"]
[Black "Mirimanian, Hayk"]
[Result "1/2-1/2"]
[WhiteElo "2301"]
[BlackElo "2241"]
[PlyCount "178"]
[EventDate "2018.12.04"]
[EventType "swiss (blitz)"]
[EventRounds "10"]
[EventCountry "USA"]
[SourceTitle "EXT 2021"]
[Source "ChessBase"]
[SourceDate "2020.10.23"]
[SourceVersion "1"]
[SourceVersionDate "2020.10.23"]
[SourceQuality "1"]

1. Nf3 d5 2. g3 Nf6 3. Bg2 c6 4. c4 dxc4 5. Na3 Nbd7 6. Nxc4 Nb6 7. Nce5 Bf5 8. 0-0 e6 9. b3 Be7 10. Bb2 0-0 11. d3 Nfd7 12. e4 Bg6 13. Re1 Bf6 14. d4 Nxe5 15. Nxe5 Qc7 16. f4 Rfd8 17. Rc1 a5 18. a4 Nd7 19. Nd3 Be7 20. Qc2 Qb6 21. Kh1 Nf6 22. Ne5 Bb4 23. Red1 Bh5 24. Rf1 Ng4 25. Nxg4 Bxg4 26. h3 Bh5 27. g4 e5 28. gxh5 exd4 29. Rcd1 Bc3 30. Bxc3 Qc5 31. Rd3 dxc3 32. Qxc3 Qxh5 33. Rfd1 Rxd3 34. Qxd3 h6 35. e5 Rf8 36. Qf3 Qf5 37. Qe4 Qe6 38. Rd3 Re8 39. Kh2 f6 40. Rd6 Qe7 41. Qc4+ Kh8 42. Qd4 fxe5 43. fxe5 Qxe5+ 44. Qxe5 Rxe5 45. Rd7 b5 46. Bxc6 bxa4 47. Bxa4 Kg8 48. Ra7 Kf8 49. Kg3 g5 50. Rb7 h5 51. Rb5 Re3+ 52. Kg2 g4 53. hxg4 hxg4 54. Rxa5 Ke7 55. Rg5 Rc3 56. Rb5 Kd6 57. Rb4 g3 58. Rg4 Kc5 59. Rxg3 Rc2+ 60. Kh3 Kb4 61. Rg4+ Ka3 62. Kg3 Rc3+ 63. Kf4 Rc8 64. Rg5 Kb4 65. Ke4 Rd8 66. Rd5 Rh8 67. Rd4+ Ka3 68. Kd3 Rc8 69. Rc4 Rh8 70. Kc3 Rh3+ 71. Kd4 Rh4+ 72. Kc5 Rh5+ 73. Kb6 Rg5 74. Rc5 Rg6+ 75. Kb5 Rg4 76. Ka5 Rf4 77. Rb5 Re4 78. b4 Re8 79. Bd1 Rd8 80. Bf3 Rf8 81. Bd5 Rf4 82. Rb6 Rf5 83. Rb5 Rf4 84. Bc6 Rf6 85. Kb6 Rf1 86. Bd5 Rc1 87. Kb7 Rb1 88. Kb6 Rxb4 89. Rxb4 Kxb4 1/2-1/2

[Event "Titled Tuesday intern op 6th Nov"]
[Site "Chess.com INT"]
[Date "2018.11.06"]
[Round "7"]
[White "Meissner, Felix"]
[Black "Navarro Lopez Menchero, Daniel"]
[Result "0-1"]
[WhiteElo "2350"]
[BlackElo "2293"]
[PlyCount "110"]
[EventDate "2018.11.06"]
[EventType "swiss (blitz)"]
[EventRounds "10"]
[EventCountry "USA"]
[SourceTitle "EXT 2021"]
[Source "ChessBase"]
[SourceDate "2020.10.23"]
[SourceVersion "1"]
[SourceVersionDate "2020.10.23"]
[SourceQuality "1"]

1. e4 c5 2. Nf3 g6 3. d4 cxd4 4. Qxd4 Nf6 5. e5 Nc6 6. Qa4 Nd5 7. Qe4 Nb6 8. h4 d5 9. exd6 Qxd6 10. Bf4 Qb4+ 11. Nbd2 Bf5 12. Qxb4 Nxb4 13. Nd4 Bd7 14. c3 Bg7 15. N2f3 N4d5 16. Bg3 0-0 17. 0-0-0 Rac8 18. Kb1 Rfe8 19. Ne5 Bxe5 20. Bxe5 f6 21. Bg3 e5 22. Nc2 Bf5 23. Rd2 Red8 24. Kc1 h5 25. Ne3 Nxe3 26. Rxd8+ Rxd8 27. fxe3 Kf7 28. Be2 Ke6 29. Rd1 Rxd1+ 30. Bxd1 Nc4 31. Bf2 Be4 32. b3 Nd6 33. g3 b5 34. Kb2 Bd3 35. Bf3 Kf5 36. e4+ Bxe4 37. Be2 a6 38. c4 bxc4 39. bxc4 Bc6 40. c5 Ne4 41. Be3 Nxg3 42. Bxa6 Ke4 43. Bf2 Kf3 44. Be1 Ne4 45. Kc2 Nxc5 46. Bc4 g5 47. Kd1 g4 48. Be2+ Kg2 49. Kd2 f5 50. Kc3 f4 51. Kc4 Ne4 52. Bxg4 hxg4 53. h5 f3 54. h6 Ng5 55. Bd2 Nh7 0-1

[Event "Titled Tuesday intern op 6th Nov"]
[Site "Chess.com INT"]
[Date "2018.11.06"]
[Round "10"]
[White "Navarro Lopez Menchero, Daniel"]
[Black "Kiewra, Keaton F"]
[Result "0-1"]
[WhiteElo "2293"]
[BlackElo "2370"]
[PlyCount "112"]
[EventDate "2018.11.06"]
[EventType "swiss (blitz)"]
[EventRounds "10"]
[EventCountry "USA"]
[SourceTitle "EXT 2021"]
[Source "ChessBase"]
[SourceDate "2020.10.23"]
[SourceVersion "1"]
[SourceVersionDate "2020.10.23"]
[SourceQuality "1"]

1. c4 Nf6 2. Nc3 e6 3. d4 d5 4. cxd5 Nxd5 5. e4 Nxc3 6. bxc3 c5 7. Nf3 cxd4 8. cxd4 Bb4+ 9. Bd2 Bxd2+ 10. Qxd2 0-0 11. Bc4 b6 12. d5 Ba6 13. Bxa6 Nxa6 14. 0-0 Nc5 15. Rfe1 Re8 16. d6 e5 17. Rad1 Qd7 18. Qb4 Re6 19. Rd5 f6 20. Red1 Rd8 21. Nh4 g6 22. Qc4 Kg7 23. Qe2 Qc6 24. Qg4 Kf7 25. f4 exf4 26. e5 fxe5 27. Nf3 h5 28. Qg5 Rd7 29. Nxe5+ Rxe5 30. Rxe5 Ne6 31. Rxe6 Kxe6 32. Qxg6+ Ke5 33. Qxh5+ Kf6 34. Qh4+ Kf5 35. Rf1 Qxd6 36. Qh5+ Kf6 37. Qh6+ Kf5 38. Qh3+ Kf6 39. Rxf4+ Qxf4 40. Qxd7 Qe5 41. Qd8+ Kf5 42. Qd3+ Kf6 43. Qf3+ Ke6 44. Kf2 Qa1 45. Qe2+ Kf5 46. h3 Qd4+ 47. Qe3 Qb2+ 48. Kg3 Qxa2 49. Qf4+ Kg6 50. Qe4+ Kf7 51. Kg4 Qe6+ 52. Qxe6+ Kxe6 53. h4 a5 54. Kf4 a4 55. h5 a3 56. h6 Kf7 0-1

[Event "Titled Tuesday intern op 6th Nov"]
[Site "Chess.com INT"]
[Date "2018.11.06"]
[Round "3"]
[White "Pantev, Veselin"]
[Black "Navarro Lopez Menchero, Daniel"]
[Result "1-0"]
[WhiteElo "2401"]
[BlackElo "2293"]
[PlyCount "105"]
[EventDate "2018.11.06"]
[EventType "swiss (blitz)"]
[EventRounds "10"]
[EventCountry "USA"]
[SourceTitle "EXT 2021"]
[Source "ChessBase"]
[SourceDate "2020.10.23"]
[SourceVersion "1"]
[SourceVersionDate "2020.10.23"]
[SourceQuality "1"]

1. d3 c5 2. c4 Nc6 3. Nc3 g6 4. g3 Bg7 5. Bg2 d6 6. h4 h5 7. Nf3 Bf5 8. Ng5 Nh6 9. Bd2 f6 10. Nge4 Qd7 11. Nd5 0-0 12. Qc1 Nf7 13. Nf4 e5 14. Nd5 Nfd8 15. Nec3 Be6 16. 0-0 Bh3 17. a3 Bxg2 18. Kxg2 Nd4 19. Qd1 a5 20. e3 N4c6 21. Kh2 Rb8 22. Rg1 f5 23. Rb1 Ne7 24. b4 axb4 25. axb4 Nxd5 26. Nxd5 Nc6 27. bxc5 dxc5 28. Rb5 Qd6 29. Qb3 Rf7 30. Qa3 Bf8 31. Rgb1 e4 32. Bc3 exd3 33. Rd1 Ne5 34. Bxe5 Qxe5 35. Qxd3 Kh7 36. Rdb1 Bg7 37. R1b3 Bf6 38. Rb6 Bxh4 39. f4 Bxg3+ 40. Kxg3 Qa1 41. Qb1 Qa5 42. Rxb7 Rbxb7 43. Rxb7 Rxb7 44. Qxb7+ Kh6 45. Qb2 Qe1+ 46. Qf2 Qc1 47. Qe2 Qg1+ 48. Qg2 Qe1+ 49. Kh3 Qd1 50. Qg5+ Kg7 51. Qe7+ Kh6 52. Qf8+ Kh7 53. Nf6# 1-0

[Event "Titled Tuesday intern op 6th Nov"]
[Site "Chess.com INT"]
[Date "2018.11.06"]
[Round "9"]
[White "Prasca Sosa, Rafael Felipe"]
[Black "Navarro Lopez Menchero, Daniel"]
[Result "1-0"]
[WhiteElo "2406"]
[BlackElo "2293"]
[PlyCount "105"]
[EventDate "2018.11.06"]
[EventType "swiss (blitz)"]
[EventRounds "10"]
[EventCountry "USA"]
[SourceTitle "EXT 2021"]
[Source "ChessBase"]
[SourceDate "2020.10.23"]
[SourceVersion "1"]
[SourceVersionDate "2020.10.23"]
[SourceQuality "1"]

1. e4 c5 2. Nf3 g6 3. Nc3 Bg7 4. d4 cxd4 5. Nxd4 Nc6 6. Be3 Nf6 7. Bc4 Qa5 8. 0-0 0-0 9. Nb3 Qc7 10. Bg5 a6 11. a3 e6 12. Be2 b5 13. Qd2 Bb7 14. Rad1 Rad8 15. Qf4 Qxf4 16. Bxf4 Ne8 17. Rd2 d6 18. Rfd1 Ne5 19. Na5 Ba8 20. Be3 Rc8 21. Bd4 f5 22. exf5 gxf5 23. f4 Nc6 24. Nxc6 Bxd4+ 25. Nxd4 Rf6 26. Bf3 Bxf3 27. Nxf3 Rc4 28. g3 h6 29. Kf2 Kf7 30. Ne2 Ke7 31. c3 d5 32. Ne5 Rc7 33. Nd4 Nd6 34. Re2 Ne4+ 35. Kg2 Kd6 36. Ndf3 Rg7 37. Nd2 Kc7 38. Nxe4 fxe4 39. Kf2 h5 40. a4 h4 41. axb5 axb5 42. Ra1 Kb6 43. b4 hxg3+ 44. hxg3 Rh6 45. g4 Rc7 46. Ra3 Rh3 47. g5 Rch7 48. g6 Rg7 49. Rea2 Rh2+ 50. Ke3 Rxa2 51. Rxa2 Rc7 52. Kd4 e3 53. Rg2 1-0

[Event "Titled Tuesday intern op 7th Aug"]
[Site "Chess.com INT"]
[Date "2018.08.07"]
[Round "2"]
[White "Martinez Reyes, Pedro Ramon"]
[Black "Navarro Lopez Menchero, Daniel"]
[Result "1-0"]
[WhiteElo "2412"]
[BlackElo "2293"]
[PlyCount "87"]
[EventDate "2018.08.07"]
[EventType "swiss (blitz)"]
[EventRounds "10"]
[EventCountry "USA"]
[SourceTitle "EXT 2021"]
[Source "ChessBase"]
[SourceDate "2020.10.23"]
[SourceVersion "1"]
[SourceVersionDate "2020.10.23"]
[SourceQuality "1"]

1. e4 e5 2. Nf3 Nc6 3. Bb5 a6 4. Ba4 Nf6 5. 0-0 Be7 6. Bxc6 dxc6 7. d3 Nd7 8. Nbd2 0-0 9. Nc4 f6 10. Nh4 Nc5 11. Be3 Ne6 12. Nf5 Kh8 13. a4 a5 14. b3 c5 15. Bd2 g6 16. Nxe7 Qxe7 17. Bxa5 Nd4 18. Bc3 Be6 19. Bxd4 cxd4 20. f4 Bxc4 21. bxc4 Ra5 22. fxe5 fxe5 23. Rb1 b6 24. Rb5 Rxa4 25. Rxe5 Qxe5 26. Rxf8+ Kg7 27. Qf1 Ra1 28. Rf7+ Kg8 29. Rf8+ Kg7 30. Qxa1 Kxf8 31. Qa8+ Ke7 32. Qg8 Qg5 33. Qg7+ Kd8 34. Qxd4+ Kc8 35. Qa1 Qe3+ 36. Kh1 Qe2 37. Qc1 g5 38. h3 g4 39. hxg4 Qxg4 40. Qe1 h5 41. e5 h4 42. Qe4 Qg3 43. e6 h3 44. Qa8# 1-0

[Event "Titled Tuesday intern op 7th Aug"]
[Site "Chess.com INT"]
[Date "2018.08.07"]
[Round "1"]
[White "Navarro Lopez Menchero, Daniel"]
[Black "Erdogdu, Mert"]
[Result "0-1"]
[WhiteElo "2293"]
[BlackElo "2411"]
[PlyCount "116"]
[EventDate "2018.08.07"]
[EventType "swiss (blitz)"]
[EventRounds "10"]
[EventCountry "USA"]
[SourceTitle "EXT 2021"]
[Source "ChessBase"]
[SourceDate "2020.10.23"]
[SourceVersion "1"]
[SourceVersionDate "2020.10.23"]
[SourceQuality "1"]

1. d4 Nf6 2. c4 g6 3. f3 Bg7 4. e4 d6 5. Nc3 a6 6. Be3 c6 7. c5 b5 8. cxd6 exd6 9. Nge2 0-0 10. Nf4 Nbd7 11. Be2 Bb7 12. 0-0 Re8 13. Qd2 Nb6 14. b3 b4 15. Nd1 a5 16. Nf2 Qe7 17. Rac1 Rac8 18. d5 Nbxd5 19. Nxd5 cxd5 20. Bb5 Rf8 21. Bg5 dxe4 22. Nxe4 Bxe4 23. fxe4 Qe5 24. Bxf6 Bxf6 25. Rxc8 Rxc8 26. Qf2 Qd4 27. Bc4 Qxf2+ 28. Kxf2 Kg7 29. Ke2 Rc5 30. Kd3 Rg5 31. g3 h5 32. Bd5 h4 33. Rf3 hxg3 34. Rxg3 Rh5 35. h3 Be5 36. Rf3 f5 37. exf5 gxf5 38. Kc4 Kg6 39. Kb5 Rh7 40. Kxa5 Ra7+ 41. Kxb4 Rxa2 42. Be6 f4 43. Kc4 Rc2+ 44. Kb4 Kf6 45. Bc4 Rd2 46. Rd3 Rh2 47. Bd5 Rc2 48. Bc4 Ke7 49. Kb5 Kd7 50. b4 Kc7 51. Bb3 Rb2 52. Bd5 Rb1 53. Rd2 Bc3 54. Rc2 Rxb4+ 55. Ka6 Rb6+ 56. Ka7 Rb5 57. Rxc3+ Rc5 58. Rd3 Ra5# 0-1